000 01320nmm a2200397 a 4500
003 AR-BaBNM
005 20251128203520.0
008 027019s1971 ||||||||||||||000 | spa||
040 _cAR-BaBNM
100 1 _aTannenbaum, Robert
245 1 0 _aLiderazgo y organización
_bintroducción a la ciencia del comportamiento
260 _aBuenos Aires
_bTroquel
_c1971
300 1 _axiv, 563 p.
_btablas, diagr.
500 1 _aEste libro contiene una recopilación de los escritos del HRRG: GRUPO DE INVESTIGACION EN RELACIONES HUMANAS y de la Escuela de Administración de Empresas para Graduados Universidad de California, Los Angeles
504 _aBibliografía: p. 541-558
650 4 _aTRABAJO
650 4 _aLIDERAZGO
650 4 _aORGANIZACIONES
650 4 _aAUTORIDAD
650 4 _aDISCIPLINA
650 4 _aGRUPOS
650 4 _aCONDUCTA DEL GRUPO
650 4 _aRELACIONES DENTRO DE LOS GRUPOS DE PARES
650 4 _aEMPRESAS
650 4 _aADMINISTRACION DE EMPRESAS
650 4 _aRELACIONES INTERPERSONALES
650 4 _aADMINISTRACION DE EMPRESAS
650 4 _aRELACIONES HUMANAS
650 4 _aRELACIONES LABORALES
650 4 _aINTERACCION SOCIAL
700 1 _aWeschler, Irving R.
700 1 _aMassarik, Fred
700 1 _aPirk, Andrés
_etraductor
942 _cBK
998 _cSILVI
999 _c3734
_d3734